[Event "Langenfelder SF 1 - SG Bochum 2"]
[Site "NRW-Klasse, Gruppe 1 2012/201"]
[Date "2013.04.07"]
[Round "8.3"]
[White "Kitte, Sebastian"]
[Black "Reinemer, Frank"]
[Result "1/2-1/2"]
[WhiteElo "2244"]
[BlackElo "2169"]
[PlyCount "77"]
[EventDate "2013.??.??"]
[WhiteTeam "SG Bochum 2"]
[BlackTeam "Langenfelder SF 1"]

1. d4 c5 2. d5 e5 3. e4 d6 4. Bb5+ Nd7 5. a4 a6 6. Bd3 Be7 7. Nf3 Ngf6 8. Nbd2
O-O 9. O-O Ne8 10. Nc4 b6 11. c3 Kh8 12. b4 g6 13. bxc5 bxc5 14. Qc2 Ng7 15.
Bh6 Nf6 16. a5 Ng8 17. Bc1 Ra7 18. Rb1 f5 19. Nb6 fxe4 20. Bxe4 Bf5 21. Nd2 Bg5
22. Bxf5 gxf5 23. Nf3 Bxc1 24. Qxc1 f4 25. Re1 Nf5 26. Qc2 Rg7 27. Kh1 Nh4 28.
Nxh4 Qxh4 29. f3 Rf6 30. Nc4 Rg3 31. Re2 Rh6 32. h3 Rhg6 33. Qf5 Nh6 34. Rb8+
Ng8 35. Rb7 Rxg2 36. Rxg2 Qe1+ 37. Kh2 Rxg2+ 38. Kxg2 Qe2+ 39. Kg1 1/2-1/2

[Event "Langenfelder SF 1 - SG Bochum 2"]
[Site "NRW-Klasse, Gruppe 1 2012/201"]
[Date "2013.04.07"]
[Round "8.4"]
[White "Vogelmann, Peter"]
[Black "Kahleys, Kevin"]
[Result "1/2-1/2"]
[WhiteElo "2169"]
[BlackElo "2193"]
[Annotator "Doe,John"]
[PlyCount "84"]
[EventDate "2013.??.??"]
[WhiteTeam "Langenfelder SF 1"]
[BlackTeam "SG Bochum 2"]

1. e4 e6 2. Nf3 d5 3. Nc3 Nf6 4. e5 Nfd7 5. d4 c5 6. dxc5 Nc6 7. Bf4 Nxc5 8.
Bd3 Be7 9. h4 a6 10. a3 Bd7 11. h5 h6 12. O-O Rc8 13. Re1 Nxd3 14. cxd3 Na7 15.
Rc1 Qa5 16. Ne2 O-O 17. Ned4 Nb5 18. Nxb5 Bxb5 19. Nd4 Qa4 20. Be3 $11 Qxd1 21.
Rexd1 Ba4 22. Re1 Bd7 23. Nb3 f5 24. Bc5 Kf7 25. f4 Rc6 26. Bxe7 Kxe7 27. Na5
Rxc1 28. Rxc1 Rc8 29. Rxc8 Bxc8 30. Kf2 b6 31. Nc6+ Kf7 32. Kf3 a5 33. Nd4 Ba6
$11 34. Ke3 Bb7 35. b4 axb4 36. axb4 Ke7 37. Kf3 Ba6 38. b5 Bc8 39. g4 fxg4+
40. Kxg4 Kf7 41. Nc6 Bd7 42. Nd4 Bc8 1/2-1/2

[Event "Langenfelder SF 1 - SG Bochum 2"]
[Site "NRW-Klasse, Gruppe 1 2012/201"]
[Date "2013.04.07"]
[Round "8.5"]
[White "Mazarov, Juergen"]
[Black "Deppe, Arne"]
[Result "1/2-1/2"]
[WhiteElo "2131"]
[BlackElo "2113"]
[PlyCount "66"]
[EventDate "2013.??.??"]
[WhiteTeam "SG Bochum 2"]
[BlackTeam "Langenfelder SF 1"]

1. e4 e5 2. Nf3 Nc6 3. Bb5 a6 4. Ba4 d6 5. O-O Bg4 6. c3 Nge7 7. d3 Ng6 8. h3
Bd7 9. d4 Be7 10. Be3 O-O 11. dxe5 dxe5 12. Nbd2 b5 13. Bc2 Na5 14. b4 Nb7 15.
Bb3 c5 16. Bd5 Qc7 17. Rc1 c4 18. a4 Bc6 19. Bxc6 Qxc6 20. a5 Rad8 21. Kh1 Rd7
22. Qc2 Nd8 23. Rfd1 Ne6 24. Nf1 Rfd8 25. Ng3 h6 26. Rxd7 Rxd7 27. Rd1 Bf6 28.
Rxd7 Qxd7 29. Qd2 Qc6 30. Qd5 Ne7 31. Qxc6 Nxc6 32. Kg1 Be7 33. Bd2 f6 1/2-1/2

[Event "Langenfelder SF 1 - SG Bochum 2"]
[Site "NRW-Klasse, Gruppe 1 2012/201"]
[Date "2013.04.07"]
[Round "8.6"]
[White "Weber, Franz-Josef"]
[Black "Werthebach, Felix"]
[Result "1-0"]
[WhiteElo "1989"]
[BlackElo "2145"]
[PlyCount "87"]
[EventDate "2013.??.??"]
[WhiteTeam "Langenfelder SF 1"]
[BlackTeam "SG Bochum 2"]

1. e4 c5 2. d3 Nc6 3. Be3 d6 4. f4 g6 5. Nf3 Bg7 6. c3 Nf6 7. Be2 O-O 8. O-O
Rb8 9. Nh4 b5 10. a3 a5 11. Bf3 e6 12. g3 Nd7 13. Nd2 b4 14. axb4 axb4 15. Qc2
Bb7 16. Bg2 Qb6 17. Nc4 Qc7 18. f5 Rfe8 19. fxe6 fxe6 20. Bf4 Bf8 21. Bh3 Nb6
22. Nxb6 Qxb6 23. Qd2 Qc7 24. Nf3 Bg7 25. Ng5 Bc8 26. Be3 Ne5 27. d4 Nc4 28.
Qe2 Nxe3 29. Rf7 Re7 30. Bxe6 Rxf7 31. Bxf7+ Kh8 32. Qxe3 h6 33. Bxg6 hxg5 34.
Qxg5 Ba6 35. Qh5+ Kg8 36. Qd5+ Kh8 37. Rxa6 bxc3 38. bxc3 cxd4 39. Qh5+ Kg8 40.
Qh7+ Kf8 41. Ra1 Qc4 42. Rf1+ Qxf1+ 43. Kxf1 dxc3 44. e5 1-0

[Event "Langenfelder SF 1 - SG Bochum 2"]
[Site "NRW-Klasse, Gruppe 1 2012/201"]
[Date "2013.04.07"]
[Round "8.7"]
[White "Hobusch, Jan"]
[Black "Vetter, Herbert"]
[Result "0-1"]
[WhiteElo "2071"]
[BlackElo "2124"]
[PlyCount "108"]
[EventDate "2013.??.??"]
[WhiteTeam "SG Bochum 2"]
[BlackTeam "Langenfelder SF 1"]

1. e4 c5 2. Nf3 e6 3. d4 cxd4 4. Nxd4 a6 5. Nc3 Qc7 6. Bd3 Nf6 7. Qe2 d6 8. Bg5
Be7 9. O-O-O O-O 10. f4 Nbd7 11. Kb1 Rd8 12. Rhe1 Nf8 13. e5 dxe5 14. fxe5 Nd5
15. Nxd5 Rxd5 16. Bxe7 Qxe7 17. Be4 Rc5 18. Nb3 Rc7 19. Rd6 Bd7 20. Red1 Qg5
21. Nd4 Rac8 22. Rd3 Ng6 23. Nf3 Qe7 24. Bxg6 hxg6 25. Qd1 Bb5 26. R3d4 g5 27.
c3 Bc6 28. Rd8+ Kh7 29. h4 Bxf3 30. gxf3 Rxd8 31. Rxd8 gxh4 32. Rd4 Qg5 33.
Qd3+ g6 34. Rg4 Qf5 35. Rxh4+ Kg7 36. Re4 Rc8 37. a3 Rh8 38. Kc2 Rh3 39. Re3
Qf4 40. Kb3 Rg3 41. Qd4 Rxf3 42. Re4 Qf5 43. Kb4 g5 44. Kc5 Rf4 45. Rxf4 Qxf4
46. Qg1 g4 47. Kd6 g3 48. b4 Qd2+ 49. Ke7 Qg5+ 50. Ke8 g2 51. c4 Qg4 52. a4 Qe2
53. Qc5 Qf1 54. Qf8+ Kh7 0-1

[Event "Langenfelder SF 1 - SG Bochum 2"]
[Site "NRW-Klasse, Gruppe 1 2012/201"]
[Date "2013.04.07"]
[Round "8.8"]
[White "Balduan, Markus"]
[Black "Tkachuk, Sergij"]
[Result "1/2-1/2"]
[WhiteElo "2210"]
[BlackElo "2164"]
[Annotator "Doe,John"]
[PlyCount "239"]
[EventDate "2013.??.??"]
[WhiteTeam "Langenfelder SF 1"]
[BlackTeam "SG Bochum 2"]

1. d4 Nf6 2. c4 g6 3. Nc3 Bg7 4. e4 d6 5. Nf3 O-O 6. Be3 e5 7. dxe5 dxe5 8.
Qxd8 Rxd8 9. Nd5 Nxd5 10. cxd5 c6 11. Bc4 h6 12. O-O cxd5 13. Bxd5 Nc6 14. Bxc6
bxc6 15. Rfc1 f5 16. Rxc6 Bb7 17. Rxg6 f4 18. Bc5 Kf7 19. Rd6 Rxd6 20. Bxd6 Ke6
21. Bb4 Bxe4 22. Re1 Bxf3 23. gxf3 Bf8 24. Re4 h5 25. Kf1 Bxb4 26. Rxb4 Rc8 27.
Rb7 a5 28. Rb6+ Kf5 29. h4 Rc1+ 30. Kg2 a4 31. Rb4 Rc2 32. Rxa4 Rxb2 33. Ra6
Rc2 34. Kf1 Rc1+ 35. Kg2 Ra1 36. a3 Ra2 37. a4 Ra3 38. Ra8 Ra1 39. Kh3 Rh1+ 40.
Kg2 Ra1 $11 41. a5 Kg6 42. a6 Kg7 43. a7 Kh7 44. Re8 Rxa7 45. Rxe5 Kg6 46. Re6+
Kg7 47. Re4 Rf7 48. Kf1 Kg6 49. Re6+ Rf6 50. Re4 Kf5 51. Ra4 Re6 52. Ra8 Rf6
53. Rg8 Ke6 54. Ke2 Rf5 55. Kd3 Ra5 56. Rg6+ Kf7 57. Rd6 Ra2 58. Ke4 Rxf2 59.
Rh6 Ra2 60. Rxh5 Ra4+ 61. Kf5 Ra5+ 62. Kg4 Ra1 63. Rb5 Rg1+ 64. Kf5 Rh1 65.
Rb7+ Kg8 66. Kg4 Rg1+ 67. Kxf4 Ra1 68. Kg4 Ra5 69. f4 Rc5 70. Re7 Kf8 71. Ra7
Rb5 72. f5 Rb6 73. Kg5 Kg8 74. Re7 Rb1 75. Kg6 Rg1+ 76. Kf6 Rh1 77. Rg7+ Kf8
78. Rg4 Rh2 79. Kg6 Kg8 80. Ra4 Rg2+ 81. Kf6 Rh2 82. Re4 Kf8 83. Rb4 Kg8 84.
Kg5 Rg2+ 85. Rg4 Rh2 86. h5 Kg7 87. Rg3 Rh1 88. Re3 Rg1+ 89. Kf4 Ra1 90. Re7+
Kf6 91. Re6+ Kf7 92. Rb6 Rf1+ 93. Kg5 Rg1+ 94. Kh6 Rf1 95. Rb5 Rh1 96. Rb4 Kf6
97. Rb8 Kxf5 98. Rf8+ Kg4 99. Rg8+ Kf5 100. Rg6 Ra1 101. Rb6 Ra7 102. Rg6 Rb7
103. Rg7 Rb8 104. Kh7 Kf6 105. Rg6+ Kf5 106. Rg1 Rb7+ 107. Rg7 Rb8 108. Ra7 Kf6
109. Ra6+ Kf7 110. Ra1 Rb6 111. h6 Rf6 112. Rg1 Kf8 113. Rg8+ Kf7 114. Rb8 Re6
115. Rb7+ Kf8 116. Rg7 Rf6 117. Rg6 Rxg6 118. Kxg6 Kg8 119. h7+ Kh8 120. Kh6
1/2-1/2

[Event "LSV Turm Lippstadt 1 - SV Dinslaken 1"]
[Site "NRW-Klasse, Gruppe 1 2012/201"]
[Date "2013.04.28"]
[Round "9.1"]
[White "Trella, Thomas"]
[Black "Wehmeier, Stefan"]
[Result "1-0"]
[WhiteElo "2366"]
[BlackElo "2388"]
[Annotator "Doe,John"]
[PlyCount "129"]
[EventDate "2013.??.??"]
[WhiteTeam "SV Dinslaken 1"]
[BlackTeam "LSV Turm Lippstadt 1"]

1. c4 e6 2. g3 d5 3. Bg2 dxc4 4. Qa4+ c6 5. Qxc4 b5 6. Qc2 Bb7 7. a4 Qb6 8. Nf3
Na6 9. O-O Nb4 10. Qb3 Nf6 11. d4 c5 12. a5 Qa6 13. dxc5 Bxc5 14. Nc3 Rc8 15.
Be3 Nbd5 16. Bxc5 Rxc5 17. Nxd5 Bxd5 18. Qe3 Rc4 19. Ne5 Bxg2 20. Kxg2 Rc8 21.
Qa3 Nd5 22. Rac1 f6 23. Rxc8+ Qxc8 24. Nd3 Kf7 25. Rc1 Qb7 26. e4 Ne7 27. Nc5
Qc6 28. Qd3 b4 29. Nb3 Qb7 30. Nc5 Qc6 31. Qd7 Qxd7 32. Nxd7 Rc8 33. Rxc8 Nxc8
34. Nb8 Ke7 35. Nc6+ Kd6 36. Nxb4 Kc5 37. Nd3+ Kb5 38. Kf3 Kxa5 39. b3 e5 40.
Ke3 Nb6 41. f4 Nd7 42. Kd2 Kb5 43. Kc3 a5 44. f5 $11 h5 45. Kc2 Nb8 46. Kc3 Nc6
47. Nb2 Nd4 48. Nc4 Kc5 49. Nxa5 Nf3 50. h4 Nd4 51. Kd3 Kb5 $11 52. Nc4 Kc5 53.
b4+ Kc6 54. Ne3 Nb5 55. Kc4 Nd6+ 56. Kd3 Nb5 57. Nd5 Nd4 58. Nc3 Nf3 59. b5+
Kc5 60. Nd5 Kxb5 61. Nc7+ Kc6 62. Ne8 Kd7 63. Nxg7 Ke7 64. Nxh5 Kf7 65. g4 1-0

[Event "LSV Turm Lippstadt 1 - SV Dinslaken 1"]
[Site "NRW-Klasse, Gruppe 1 2012/201"]
[Date "2013.04.28"]
[Round "9.3"]
[White "Kern, Guido"]
[Black "Brenke, Andreas"]
[Result "1/2-1/2"]
[WhiteElo "2301"]
[BlackElo "2297"]
[PlyCount "69"]
[EventDate "2013.??.??"]
[WhiteTeam "SV Dinslaken 1"]
[BlackTeam "LSV Turm Lippstadt 1"]

1. Nf3 g6 2. c4 Bg7 3. Nc3 c5 4. g3 Nc6 5. Bg2 d6 6. O-O e5 7. a3 Nge7 8. b4 e4
9. Ne1 Be6 10. Rb1 cxb4 11. axb4 f5 12. Bb2 Bxc4 13. d3 exd3 14. Nxd3 b5 15.
Nd5 O-O 16. Nxe7+ Nxe7 17. Bxa8 Qxa8 18. Bxg7 Kxg7 19. Nf4 Rf6 20. Qd2 a6 21.
Rfd1 h6 22. Qe3 Qb7 23. Ra1 Kf7 24. h4 d5 25. Nd3 Bxd3 26. exd3 f4 27. Qd4 Qd7
28. Re1 fxg3 29. fxg3 Nf5 30. Qe5 Nxh4 31. gxh4 Qg4+ 32. Kh1 Qf3+ 33. Kg1 Qg4+
34. Kh1 Qf3+ 35. Kg1 1/2-1/2

[Event "LSV Turm Lippstadt 1 - SV Dinslaken 1"]
[Site "NRW-Klasse, Gruppe 1 2012/201"]
[Date "2013.04.28"]
[Round "9.4"]
[White "Fecke, Andreas"]
[Black "Mundorf, Johannes"]
[Result "0-1"]
[WhiteElo "2108"]
[BlackElo "2232"]
[PlyCount "42"]
[EventDate "2013.??.??"]
[WhiteTeam "LSV Turm Lippstadt 1"]
[BlackTeam "SV Dinslaken 1"]

1. d4 e6 2. e4 d5 3. exd5 exd5 4. c4 Bb4+ 5. Nc3 Nf6 6. Nf3 O-O 7. Bg5 h6 8.
Bh4 g5 9. Bg3 Ne4 10. Rc1 f5 11. Be5 Nc6 12. cxd5 Qxd5 13. Nd2 Bxc3 14. bxc3
Nxe5 15. dxe5 Nxd2 16. Qxd2 Qxe5+ 17. Be2 Re8 18. Rc2 Be6 19. O-O Rad8 20. Qc1
f4 21. Bf3 Bc4 0-1

[Event "LSV Turm Lippstadt 1 - SV Dinslaken 1"]
[Site "NRW-Klasse, Gruppe 1 2012/201"]
[Date "2013.04.28"]
[Round "9.5"]
[White "Cebulla, Konstantin"]
[Black "Tran, Duc Cuong"]
[Result "1/2-1/2"]
[WhiteElo "2142"]
[BlackElo "2055"]
[PlyCount "32"]
[EventDate "2013.??.??"]
[WhiteTeam "SV Dinslaken 1"]
[BlackTeam "LSV Turm Lippstadt 1"]

1. d4 Nf6 2. c4 g6 3. Nc3 Bg7 4. e4 d6 5. Nf3 O-O 6. h3 Nbd7 7. e5 Ne8 8. Be3
c6 9. Qd2 Nc7 10. Rd1 Re8 11. exd6 exd6 12. Bd3 Nf6 13. O-O d5 14. Bg5 Be6 15.
c5 Qc8 16. Bf4 Qd8 1/2-1/2

[Event "LSV Turm Lippstadt 1 - SV Dinslaken 1"]
[Site "NRW-Klasse, Gruppe 1 2012/201"]
[Date "2013.04.28"]
[Round "9.6"]
[White "Roemhild, Marcus"]
[Black "Neuer, Thomas"]
[Result "1/2-1/2"]
[WhiteElo "2037"]
[BlackElo "2030"]
[PlyCount "52"]
[EventDate "2013.??.??"]
[WhiteTeam "LSV Turm Lippstadt 1"]
[BlackTeam "SV Dinslaken 1"]

1. c4 c5 2. g3 Nc6 3. Bg2 g6 4. Nc3 Bg7 5. d3 d6 6. e4 e6 7. Nge2 Nge7 8. Be3
Nd4 9. O-O b6 10. Rb1 Bb7 11. Qd2 Qd7 12. b4 O-O 13. Bh6 f5 14. Nxd4 cxd4 15.
Bxg7 Kxg7 16. Ne2 e5 17. Bh3 Qc7 18. f3 Rf7 19. Qb2 Raf8 20. Qa3 fxe4 21. fxe4
Rxf1+ 22. Rxf1 Rxf1+ 23. Kxf1 Bc8 24. Bxc8 Nxc8 25. Qa6 Ne7 26. Kg2 Nc6 1/2-1/2

[Event "LSV Turm Lippstadt 1 - SV Dinslaken 1"]
[Site "NRW-Klasse, Gruppe 1 2012/201"]
[Date "2013.04.28"]
[Round "9.7"]
[White "Ossig, Rainer"]
[Black "Wagner, Alexej"]
[Result "0-1"]
[WhiteElo "2068"]
[BlackElo "2104"]
[PlyCount "144"]
[EventDate "2013.??.??"]
[WhiteTeam "SV Dinslaken 1"]
[BlackTeam "LSV Turm Lippstadt 1"]

1. Nf3 d5 2. g3 Nf6 3. Bg2 Bf5 4. c4 c6 5. cxd5 cxd5 6. Qb3 Qc8 7. Nc3 e6 8. d3
Nc6 9. O-O Be7 10. Bf4 O-O 11. Rac1 Qd7 12. e4 Bg4 13. Ne5 Nxe5 14. Bxe5 dxe4
15. dxe4 Bd6 16. Bxf6 gxf6 17. h3 Bh5 18. g4 Bg6 19. Rcd1 Qc7 20. Ne2 h5 21.
Rc1 Qa5 22. Qc3 Qxc3 23. Rxc3 hxg4 24. hxg4 f5 25. exf5 exf5 26. Rd3 Be5 27.
gxf5 Bxf5 28. Rd5 Rae8 29. Ng3 Bc8 30. f4 Bxb2 31. Rg5+ Kh8 32. Bd5 f6 33. Rh5+
Kg7 34. Be4 Rh8 35. Rb5 Bd4+ 36. Kg2 Bh3+ 37. Kf3 Bxf1 38. Rxb7+ Kf8 39. Nxf1
Re7 40. Rb4 Bc5 41. Rb5 Rh3+ 42. Kg4 Rc3 43. Nd2 Be3 44. Nb1 Rc4 45. Rb8+ Kg7
46. Bd5 Rxf4+ 47. Kg3 Re5 48. Rg8+ Kh7 49. Bb3 Rg5+ 50. Rxg5 fxg5 51. Nc3 Bf2+
52. Kg2 Bc5 53. Nd5 Rf2+ 54. Kg3 Rd2 55. Nf6+ Kg6 56. Ne4 Rd3+ 57. Kg4 Be7 58.
Be6 Rd4 59. Kf3 Ra4 60. Bb3 Rb4 61. Bc2 Kf7 62. Bb3+ Ke8 63. Be6 Kd8 64. Nc3
Rf4+ 65. Kg2 Bc5 66. Kg3 Bf2+ 67. Kg2 Bd4 68. Nb5 a6 69. Na3 Kc7 70. Kg3 Bf2+
71. Kg2 Bc5 72. Nb1 Bb4 0-1

[Event "LSV Turm Lippstadt 1 - SV Dinslaken 1"]
[Site "NRW-Klasse, Gruppe 1 2012/201"]
[Date "2013.04.28"]
[Round "9.8"]
[White "Schroeder, Kevin"]
[Black "Jaeger, Martin"]
[Result "1/2-1/2"]
[WhiteElo "2047"]
[BlackElo "2065"]
[Annotator "Doe,John"]
[PlyCount "99"]
[EventDate "2013.??.??"]
[WhiteTeam "LSV Turm Lippstadt 1"]
[BlackTeam "SV Dinslaken 1"]

1. e4 e6 2. d4 d5 3. Nc3 Nc6 4. e5 a6 5. f4 Nh6 6. Be3 b6 7. Nf3 Bb7 8. Qd2 Be7
9. O-O-O Qd7 10. h3 O-O-O 11. g4 f6 12. exf6 gxf6 13. f5 Nf7 14. fxe6 Qxe6 15.
Bd3 Nd6 16. Nh4 Kb8 17. Rhe1 Qf7 18. Bf4 Nb4 19. Bf5 Ne4 20. Qh2 Bd6 21. a3
Nxc3 22. bxc3 Nc6 23. Bxd6 Rxd6 24. Re3 Re8 25. Rde1 Rxe3 26. Rxe3 Qf8 $11 27.
Qe2 Qh6 28. Ng2 Na5 29. Bd3 Ka7 30. Kb2 b5 31. Re7 Nc4+ 32. Bxc4 bxc4 33. Qe3
Rb6+ 34. Kc1 Qf8 35. Kd2 Rb1 36. Nf4 f5 37. g5 Rf1 38. Nxd5 Bxd5 39. Qe5 Bb7
40. Qxc7 Qb8 41. Qxb8+ Kxb8 42. Rxh7 Rg1 43. h4 f4 44. Rh8+ Ka7 45. Rf8 Rg2+
46. Kd1 f3 47. Rf7 Kb8 48. Rf8+ Ka7 49. Rf7 Kb8 50. Rf8+ 1/2-1/2

[Event "SV Hattingen 1 - Langenfelder SF 1"]
[Site "NRW-Klasse, Gruppe 1 2012/201"]
[Date "2013.04.28"]
[Round "9.1"]
[White "Homuth, Wolfgang"]
[Black "De Vreugt, Dennis"]
[Result "1/2-1/2"]
[WhiteElo "2197"]
[BlackElo "2369"]
[PlyCount "85"]
[EventDate "2013.??.??"]
[WhiteTeam "Langenfelder SF 1"]
[BlackTeam "SV Hattingen 1"]

1. e4 e5 2. Bc4 Nf6 3. d3 Bc5 4. Nf3 Nc6 5. c3 d6 6. Bb3 a6 7. h3 Ba7 8. Nbd2
Ne7 9. Nf1 Ng6 10. Ng3 O-O 11. O-O h6 12. Re1 Re8 13. d4 Bd7 14. Bc2 Bc6 15.
Qd3 b5 16. Bd2 Bb7 17. d5 c6 18. dxc6 Bxc6 19. Rad1 Nf4 20. Qf1 Qc7 21. Nf5
Rad8 22. Bc1 Bb7 23. Bb1 Ng6 24. Nh2 d5 25. exd5 Nxd5 26. Be4 Bc5 27. g3 Ne3
28. Rxe3 Bxe3 29. Bxb7 Bxc1 30. Bxa6 Bxb2 31. Bxb5 Rxd1 32. Qxd1 Rd8 33. Qg4
Qxc3 34. Bc4 Qe1+ 35. Kg2 Rd2 36. Nxh6+ Kh7 37. Qf5 Rxf2+ 38. Qxf2 Qe4+ 39. Qf3
Qxc4 40. Nxf7 Qc2+ 41. Qf2 Qc6+ 42. Qf3 Qc2+ 43. Qf2 1/2-1/2

[Event "SV Hattingen 1 - Langenfelder SF 1"]
[Site "NRW-Klasse, Gruppe 1 2012/201"]
[Date "2013.04.28"]
[Round "9.2"]
[White "Schleining, Zoya"]
[Black "Reinemer, Frank"]
[Result "1-0"]
[WhiteElo "2322"]
[BlackElo "2176"]
[PlyCount "107"]
[EventDate "2013.??.??"]
[WhiteTeam "SV Hattingen 1"]
[BlackTeam "Langenfelder SF 1"]

1. d4 f5 2. g3 Nf6 3. Bg2 g6 4. Nf3 Bg7 5. O-O O-O 6. b3 d6 7. Bb2 Qe8 8. c4 h6
9. Nc3 g5 10. Qc2 Qg6 11. Rad1 c6 12. b4 Na6 13. b5 Nc7 14. a4 Bd7 15. e3 Rae8
16. Ba3 Rb8 17. Rb1 Rfc8 18. Nd2 Qe8 19. Qb3 Kh8 20. Rb2 cxb5 21. axb5 a6 22.
b6 Ne6 23. Rc2 f4 24. Rcc1 fxe3 25. fxe3 Ng4 26. Ne2 Nxh2 27. Kxh2 Qh5+ 28. Kg1
Qxe2 29. Nf3 d5 30. cxd5 Nf8 31. Bxe7 Rxc1 32. Rxc1 Ng6 33. Re1 Qb5 34. Qxb5
Bxb5 35. Bc5 Rd8 36. e4 g4 37. Nd2 h5 38. e5 h4 39. d6 Bh6 40. Nf1 hxg3 41. e6
Nf4 42. Nxg3 Nd3 43. Re4 Bc6 44. Rxg4 Be3+ 45. Kh2 Nxc5 46. dxc5 Bxc5 47. Bxc6
Rxd6 48. Rh4+ Kg8 49. Bxb7 Rxb6 50. Bd5 Kf8 51. Nf5 Rb2+ 52. Kh3 Ke8 53. Rh8+
Bf8 54. e7 1-0

[Event "SV Hattingen 1 - Langenfelder SF 1"]
[Site "NRW-Klasse, Gruppe 1 2012/201"]
[Date "2013.04.28"]
[Round "9.3"]
[White "Huelsmann, Josef"]
[Black "Jonker, Marc"]
[Result "1/2-1/2"]
[WhiteElo "2124"]
[BlackElo "2254"]
[PlyCount "38"]
[EventDate "2013.??.??"]
[WhiteTeam "Langenfelder SF 1"]
[BlackTeam "SV Hattingen 1"]

1. d4 d6 2. Nf3 Bg4 3. Nbd2 Nf6 4. g3 Nbd7 5. Bg2 c6 6. O-O e5 7. dxe5 dxe5 8.
Nc4 Qc7 9. b3 Be6 10. Ne3 h6 11. c3 Nd5 12. c4 Nxe3 13. Bxe3 Be7 14. Qc2 O-O
15. Rad1 a5 16. c5 Nf6 17. Bc1 Nd7 18. Be3 Nf6 19. Bc1 Nd7 1/2-1/2

[Event "SV Hattingen 1 - Langenfelder SF 1"]
[Site "NRW-Klasse, Gruppe 1 2012/201"]
[Date "2013.04.28"]
[Round "9.4"]
[White "Huette, Stefan"]
[Black "Vogelmann, Peter"]
[Result "1/2-1/2"]
[WhiteElo "2014"]
[BlackElo "2169"]
[PlyCount "32"]
[EventDate "2013.??.??"]
[WhiteTeam "SV Hattingen 1"]
[BlackTeam "Langenfelder SF 1"]

1. d4 Nf6 2. Nc3 d6 3. e4 e5 4. dxe5 dxe5 5. Qxd8+ Kxd8 6. Be3 c6 7. Bc4 Ke8 8.
f3 Nbd7 9. Nge2 Bc5 10. Bxc5 Nxc5 11. a3 Be6 12. Bxe6 Nxe6 13. O-O-O Ke7 14.
Rd2 Rhd8 15. Rhd1 Rxd2 16. Rxd2 Rd8 1/2-1/2

[Event "SV Hattingen 1 - Langenfelder SF 1"]
[Site "NRW-Klasse, Gruppe 1 2012/201"]
[Date "2013.04.28"]
[Round "9.5"]
[White "Deppe, Arne"]
[Black "Lindner-Emden, Carsten"]
[Result "1/2-1/2"]
[WhiteElo "2113"]
[BlackElo "1962"]
[PlyCount "62"]
[EventDate "2013.??.??"]
[WhiteTeam "Langenfelder SF 1"]
[BlackTeam "SV Hattingen 1"]

1. e4 c5 2. Nf3 Nc6 3. Bb5 g6 4. O-O Bg7 5. Re1 Nd4 6. Nxd4 cxd4 7. c4 e6 8. d3
Ne7 9. b3 O-O 10. Ba3 d6 11. Qd2 Nc6 12. f4 Qc7 13. e5 dxe5 14. Bxf8 Kxf8 15.
Bxc6 bxc6 16. fxe5 Bxe5 17. Qh6+ Kg8 18. Rf1 Bg7 19. Qh4 e5 20. Nd2 Bf5 21. Ne4
Bxe4 22. dxe4 Rf8 23. g4 Qd6 24. Rad1 Qb4 25. Rd3 h6 26. Qf2 Qe7 27. Rf3 c5 28.
h4 Qb7 29. Qe1 Qd7 30. Qg3 Qb7 31. Qe1 Qd7 1/2-1/2

[Event "SV Hattingen 1 - Langenfelder SF 1"]
[Site "NRW-Klasse, Gruppe 1 2012/201"]
[Date "2013.04.28"]
[Round "9.7"]
[White "Vetter, Herbert"]
[Black "Kopf, Martin"]
[Result "1-0"]
[WhiteElo "2124"]
[BlackElo "1816"]
[Annotator "Doe,John"]
[PlyCount "69"]
[EventDate "2013.??.??"]
[WhiteTeam "Langenfelder SF 1"]
[BlackTeam "SV Hattingen 1"]

1. e4 c6 2. d4 d5 3. Nc3 dxe4 4. Nxe4 Bf5 5. Ng3 Bg6 6. Nf3 Nd7 7. Be2 Qc7 8.
O-O e6 9. b3 Ngf6 10. Bb2 Bd6 11. c4 Ne4 12. d5 Nxg3 13. hxg3 O-O 14. dxe6 fxe6
15. Nd4 Rae8 16. Bg4 Bf5 17. Bh5 Re7 18. Qd2 Nf6 19. Bf3 Be5 $11 20. Rad1 Bxd4
21. Bxd4 e5 22. Bc5 Rd7 23. Qg5 Bd3 24. Bxf8 Kxf8 25. Rfe1 e4 26. Bg4 Nxg4 27.
Qxg4 Rf7 28. Re3 g6 29. Qg5 Kg7 30. Qc5 Rd7 31. Qxa7 Bc2 32. Rxd7+ Qxd7 33. Re1
Qc7 34. Qd4+ Kh6 35. Qd2+ 1-0

[Event "SC Bocholt 1 - Bielefelder SK 1"]
[Site "NRW-Klasse, Gruppe 1 2012/201"]
[Date "2013.04.28"]
[Round "9.1"]
[White "Forchert, Martin"]
[Black "Steiner, Karl"]
[Result "1-0"]
[WhiteElo "2224"]
[BlackElo "1974"]
[PlyCount "67"]
[EventDate "2013.??.??"]
[WhiteTeam "Bielefelder SK 1"]
[BlackTeam "SC Bocholt 1"]

1. e4 e5 2. Nf3 Nc6 3. Bb5 Nf6 4. O-O Nxe4 5. d4 Nd6 6. Bxc6 dxc6 7. dxe5 Nf5
8. Qxd8+ Kxd8 9. Nc3 Be7 10. Bg5 Bxg5 11. Nxg5 Ke7 12. Rad1 h6 13. Nf3 h5 14.
Ne2 Bd7 15. Nf4 Rad8 16. Ng5 Be8 17. Rxd8 Kxd8 18. Rd1+ Ke7 19. g3 Rh6 20. h4
f6 21. exf6+ Rxf6 22. Re1+ Kd7 23. Ne4 Rf8 24. Nc5+ Kc8 25. Nce6 Rg8 26. Re5 g6
27. Ng5 Bd7 28. c3 Nd6 29. Re7 Kd8 30. Rh7 Nc4 31. Nf7+ Ke8 32. b3 Nb6 33. Ne5
g5 34. Nxh5 1-0

[Event "SC Bocholt 1 - Bielefelder SK 1"]
[Site "NRW-Klasse, Gruppe 1 2012/201"]
[Date "2013.04.28"]
[Round "9.2"]
[White "Liesmann, Karsten"]
[Black "Goeßling, Guido"]
[Result "1-0"]
[WhiteElo "1997"]
[BlackElo "2144"]
[Annotator "Doe,John"]
[PlyCount "79"]
[EventDate "2013.??.??"]
[WhiteTeam "SC Bocholt 1"]
[BlackTeam "Bielefelder SK 1"]

1. d4 d5 2. e3 Nf6 3. Bd3 Bg4 4. Ne2 Nc6 5. f3 Bh5 6. Nf4 e5 7. Nxh5 Nxh5 8.
Qe2 Qh4+ 9. g3 Qh3 10. Qf2 exd4 11. g4 Nf6 12. exd4 Nxd4 13. Qxd4 $11 O-O-O 14.
Qxa7 Bb4+ 15. c3 Rhe8+ 16. Kd1 Qxf3+ 17. Kc2 Ne4 18. Rf1 Qg2+ 19. Bd2 Bc5 20.
Qa8+ Kd7 21. Qxb7 Ke6 22. Qc6+ Bd6 23. Re1 Qxh2 24. Re2 Qg1 25. c4 Kf6 26. Qxd5
Re5 27. Bc3 Nxc3 28. Qf3+ Ke7 29. Rxe5+ Bxe5 30. bxc3 g6 31. Qe2 f6 32. a4 Kf7
33. Ra2 Re8 34. Be4 Qg3 35. a5 f5 36. gxf5 gxf5 37. Qh5+ Ke7 38. Qxh7+ Kd6 39.
Qxf5 Rf8 40. Qxf8+ 1-0

[Event "SC Bocholt 1 - Bielefelder SK 1"]
[Site "NRW-Klasse, Gruppe 1 2012/201"]
[Date "2013.04.28"]
[Round "9.3"]
[White "Wagenknecht, Uwe"]
[Black "Gajic, Goran"]
[Result "0-1"]
[WhiteElo "2175"]
[BlackElo "1956"]
[PlyCount "82"]
[EventDate "2013.??.??"]
[WhiteTeam "Bielefelder SK 1"]
[BlackTeam "SC Bocholt 1"]

1. c4 Nf6 2. Nc3 e6 3. e4 c5 4. e5 Ng8 5. Nf3 d6 6. exd6 Bxd6 7. d4 a6 8. Be3
Qe7 9. Ne4 cxd4 10. Nxd6+ Qxd6 11. c5 Qe7 12. Qxd4 Nf6 13. Bc4 Nc6 14. Qc3 e5
15. O-O Bg4 16. Nd2 h6 17. b4 O-O 18. f3 Be6 19. a4 Bxc4 20. Qxc4 Rfd8 21. b5
Nd4 22. Rfe1 axb5 23. axb5 Rxa1 24. Rxa1 Nf5 25. Nf1 Nxe3 26. Nxe3 e4 27. f4
Qc7 28. g3 Rd3 29. Nf5 Rd5 30. b6 Qxc5+ 31. Qxc5 Rxc5 32. Ra8+ Kh7 33. Nd6 Rc6
34. Nxf7 Rxb6 35. f5 g6 36. fxg6+ Kxg6 37. Nd8 Rb1+ 38. Kg2 Rb2+ 39. Kg1 e3 40.
Rb8 Rb1+ 41. Kg2 e2 0-1

[Event "SC Bocholt 1 - Bielefelder SK 1"]
[Site "NRW-Klasse, Gruppe 1 2012/201"]
[Date "2013.04.28"]
[Round "9.4"]
[White "Robeling, Stephan"]
[Black "Simon, Hans Christian"]
[Result "0-1"]
[WhiteElo "1897"]
[BlackElo "2129"]
[PlyCount "74"]
[EventDate "2013.??.??"]
[WhiteTeam "SC Bocholt 1"]
[BlackTeam "Bielefelder SK 1"]

1. d4 f5 2. e4 fxe4 3. Nc3 Nf6 4. Bg5 Nc6 5. Bxf6 exf6 6. d5 Ne5 7. Nxe4 f5 8.
Ng3 Bc5 9. Be2 O-O 10. Nf3 Qf6 11. Nxe5 Qxe5 12. c3 f4 13. Nf1 f3 14. gxf3 Rxf3
15. Ne3 Rf4 16. Qd3 d6 17. h3 Bf5 18. Nxf5 Bxf2+ 19. Kd2 Rxf5 20. Bg4 Rf4 21.
Raf1 Raf8 22. Kc2 g6 23. Qb5 a6 24. Qe2 Qxe2+ 25. Bxe2 h5 26. Kd3 R8f5 27. c4
Re5 28. Bd1 Re3+ 29. Kc2 Rxc4+ 30. Kd2 Rd4+ 31. Kc2 Rf4 32. Rh2 Bg3 33. Rxf4
Bxf4 34. Rf2 Be5 35. Rf3 Re4 36. Rb3 b5 37. Rd3 Rc4+ 0-1